000 00543nam a2200229Ia 4500
003 OSt
005 20220918175007.0
006 a|||||r|||| 00| 0
007 ta
008 220917b |||||||| |||| 00| 0 eng d
024 _a15,054
037 _cTextual
040 _aARTS
_cARTS
_beng
041 _2eng
_aeng
082 _aN9153:9N4, H6
100 _aAgate James
_952428
245 0 _aAround cinemas
260 _c1946
650 _aARTS
942 _hN9153:9N4, H6
_cTEXL
_2CC
999 _c155510
_d155510